[Event "Wch U16 Girls"]
[Site "Mamaia"]
[Date "2022.09.16"]
[Round "11"]
[White "Shaban, Aliaksandra"]
[Black "Tsukerman, Julia"]
[Result "0-1"]
[WhiteElo "1547"]
[BlackElo "1698"]
[PlyCount "64"]
[EventDate "2022.09.06"]
[EventType "swiss"]
[EventRounds "11"]
[EventCountry "ROU"]
[SourceTitle "CBM 210 Extra"]
[Source "ChessBase"]
[SourceDate "2022.11.30"]
[SourceVersion "1"]
[SourceVersionDate "2022.11.30"]
[SourceQuality "1"]

1. e4 c5 2. Nf3 d6 3. Bb5+ Nd7 4. a4 a6 5. Be2 Ngf6 6. Nc3 e6 7. d4 cxd4 8. Qxd4 Be7 9. a5 Qc7 10. Be3 0-0 11. Nd2 d5 12. exd5 Nxd5 13. Nxd5 exd5 14. c3 Nf6 15. 0-0 Bd6 16. h3 Bf5 17. Bf3 Rad8 18. Kh1 Qc8 19. Qh4 Rfe8 20. Bb6 Bc7 21. Bd4 Ne4 22. Nxe4 dxe4 23. Qg5 Rxd4 24. cxd4 exf3 25. g4 Bd3 26. Rfe1 Be2 27. Rac1 Qd7 28. Qc5 Bf4 29. Ra1 Qe6 30. Qh5 Bb8 31. Qc5 Qh6 32. Qh5 Qf4 0-1

[Event "BLR-ch (Women)"]
[Site "Minsk"]
[Date "2022.01.19"]
[Round "9"]
[White "Shaban, Aliaksandra"]
[Black "Norman, Kseniya"]
[Result "1/2-1/2"]
[WhiteElo "1616"]
[BlackElo "1809"]
[PlyCount "40"]
[EventDate "2022.01.11"]
[EventType "tourn"]
[EventRounds "9"]
[EventCountry "BLR"]
[SourceTitle "CBM 206 Extra"]
[Source "ChessBase"]
[SourceDate "2022.03.31"]
[SourceVersion "1"]
[SourceVersionDate "2022.03.31"]
[SourceQuality "1"]

1. d4 g6 2. c4 Bg7 3. Nc3 c5 4. Nf3 cxd4 5. Nxd4 Nc6 6. e3 Nf6 7. Be2 0-0 8. 0-0 d6 9. Bf3 Ne5 10. Be2 Bd7 11. b3 a6 12. Bb2 Rc8 13. Rc1 Re8 14. Qd2 Qb6 15. Rfd1 Qa7 16. h3 Nc6 17. Bf3 Ne5 18. Be2 Nc6 19. Bf3 Ne5 20. Be2 Nc6 1/2-1/2

[Event "BLR-ch (Women)"]
[Site "Minsk"]
[Date "2022.01.16"]
[Round "6"]
[White "Bendik, Margarita"]
[Black "Shaban, Aliaksandra"]
[Result "0-1"]
[WhiteElo "1534"]
[BlackElo "1616"]
[PlyCount "136"]
[EventDate "2022.01.11"]
[EventType "tourn"]
[EventRounds "9"]
[EventCountry "BLR"]
[SourceTitle "CBM 206 Extra"]
[Source "ChessBase"]
[SourceDate "2022.03.31"]
[SourceVersion "1"]
[SourceVersionDate "2022.03.31"]
[SourceQuality "1"]

1. Nf3 Nf6 2. b4 d5 3. Bb2 e6 4. a3 c5 5. b5 a6 6. e3 axb5 7. Bxb5+ Bd7 8. a4 Bd6 9. c4 dxc4 10. Na3 Nc6 11. Nxc4 Bc7 12. 0-0 0-0 13. Qe2 Nd5 14. Rfd1 Nb6 15. d4 cxd4 16. Nxb6 Bxb6 17. Nxd4 Qe8 18. Ba3 Bxd4 19. Bxc6 Bxc6 20. Rxd4 e5 21. Rd2 Rxa4 22. Raa2 Bb5 23. Qd1 Qa8 24. Bxf8 Rxa2 25. Rxa2 Qxa2 26. Be7 h6 27. h3 Bc6 28. Qd8+ Kh7 29. Qd3+ e4 30. Qc3 Qe6 31. Bc5 Qd5 32. Bd4 f6 33. Qb4 Qe6 34. Qc5 Kg8 35. Qb6 Qd7 36. Kh2 Kf7 37. Kg1 Bd5 38. Bb2 Bc4 39. Kh2 Kg6 40. Bd4 Bd3 41. Qc5 Qf5 42. Qxf5+ Kxf5 43. g4+ Ke6 44. Kg3 g6 45. h4 f5 46. gxf5+ Kxf5 47. Bg7 h5 48. f3 b5 49. fxe4+ Kxe4 50. Bd4 b4 51. Bc5 b3 52. Bd4 Bc2 53. Kf2 Kf5 54. Kf3 Bd3 55. Bb2 Be4+ 56. Kg3 g5 57. hxg5 Kxg5 58. Kh3 h4 59. Bc3 Bf5+ 60. Kg2 Kg4 61. Bb2 h3+ 62. Kh2 Kf3 63. Bd4 Be6 64. Kg1 Ke4 65. Kf2 Kd3 66. Kg3 Kc2 67. e4 b2 68. Bxb2 Kxb2 0-1

[Event "BLR-ch U18 Girls"]
[Site "Minsk"]
[Date "2020.02.12"]
[Round "6"]
[White "Shaban, Aliaksandra"]
[Black "Kuzich, Aryna"]
[Result "1/2-1/2"]
[WhiteElo "1643"]
[BlackElo "1922"]
[PlyCount "62"]
[EventDate "2020.02.07"]
[EventType "swiss"]
[EventRounds "9"]
[EventCountry "BLR"]
[SourceTitle "CBM 195 Extra"]
[Source "ChessBase"]
[SourceDate "2020.05.31"]
[SourceVersion "1"]
[SourceVersionDate "2020.05.31"]
[SourceQuality "1"]

1. d4 d5 2. Nf3 c5 3. dxc5 Nc6 4. e3 e6 5. c4 Bxc5 6. Nc3 Nf6 7. Be2 0-0 8. 0-0 a6 9. cxd5 exd5 10. a3 d4 11. exd4 Nxd4 12. Nxd4 Bxd4 13. Qb3 Qc7 14. Nd1 Ng4 15. Bxg4 Bxg4 16. Be3 Be6 17. Qb4 Bxe3 18. Nxe3 Rac8 19. Rfd1 Rfd8 20. h3 h6 21. Rd4 Rxd4 22. Qxd4 Rd8 23. Qb4 Rd3 24. Qe1 Qe5 25. b4 Qb2 26. Kh2 Rb3 27. Ng4 Qc3 28. Qxc3 Rxc3 29. Ne3 Kf8 30. Kg1 Ke7 31. Kf1 Rd3 1/2-1/2

[Event "Minsk Kupreichik Memorial rapid"]
[Site "Minsk"]
[Date "2019.08.15"]
[Round "3"]
[White "Shaban, Aliaksandra"]
[Black "Mustaps, Matiss"]
[Result "0-1"]
[WhiteElo "1734"]
[BlackElo "2381"]
[PlyCount "86"]
[EventDate "2019.08.15"]
[EventType "swiss (rapid)"]
[EventRounds "10"]
[EventCountry "BLR"]
[SourceTitle "CBM 191 Extra"]
[Source "ChessBase"]
[SourceDate "2019.09.30"]
[SourceVersion "1"]
[SourceVersionDate "2019.09.30"]
[SourceQuality "1"]

1. d4 Nf6 2. c4 g6 3. Nc3 Bg7 4. e4 0-0 5. Be2 d6 6. Bg5 h6 7. Be3 e5 8. d5 a5 9. h4 Na6 10. h5 g5 11. g4 c6 12. f3 Nc5 13. b3 cxd5 14. cxd5 Bd7 15. Nh3 Rb8 16. 0-0 Nxh5 17. Kh2 Nf4 18. Rc1 b6 19. Qd2 Qe7 20. Rh1 h5 21. Nf2 h4 22. Nh3 Rfc8 23. Nxf4 exf4 24. Bd4 Bxd4 25. Qxd4 f6 26. Kg2 b5 27. Nb1 Qe5 28. Qxe5 fxe5 29. Nd2 Kf7 30. Rb1 Ke7 31. Rbc1 Na6 32. Nb1 Nb4 33. a3 Nc2 34. Kh3 Nd4 35. Rxc8 Rxc8 36. Bd1 Rc1 37. Nd2 Ra1 38. Kg2 Rxa3 39. Kf2 Ra2 40. Ke1 a4 41. bxa4 bxa4 42. Nb1 a3 43. Nc3 Rb2 0-1

[Event "BLR-ch U20 Girls"]
[Site "Kobrin"]
[Date "2019.05.11"]
[Round "1"]
[White "Ilyuchyk, Yana"]
[Black "Shaban, Aliaksandra"]
[Result "1-0"]
[WhiteElo "2137"]
[BlackElo "1652"]
[PlyCount "33"]
[EventDate "2019.05.11"]
[EventType "tourn"]
[EventRounds "9"]
[EventCountry "BLR"]
[SourceTitle "CBM 190 Extra"]
[Source "ChessBase"]
[SourceDate "2019.07.15"]
[SourceVersion "1"]
[SourceVersionDate "2019.07.15"]
[SourceQuality "1"]

1. e4 Nf6 2. e5 Nd5 3. d4 d6 4. Nf3 Nc6 5. c4 Nb6 6. e6 fxe6 7. Nc3 g6 8. Be3 Bg7 9. h4 0-0 10. h5 e5 11. d5 Nb8 12. Ng5 h6 13. hxg6 Rf6 14. Nf7 Qe8 15. Nxh6+ Bxh6 16. Rxh6 Bf5 17. Rh8+ 1-0

[Event "Orsha op"]
[Site "Orsha"]
[Date "2019.01.23"]
[Round "8"]
[White "Ivanov, Igor2222"]
[Black "Shaban, Aliaksandra"]
[Result "1/2-1/2"]
[WhiteElo "1851"]
[BlackElo "1482"]
[PlyCount "87"]
[EventDate "2019.01.18"]
[EventType "swiss"]
[EventRounds "9"]
[EventCountry "BLR"]
[SourceTitle "CBM 188 Extra"]
[Source "ChessBase"]
[SourceDate "2019.02.26"]
[SourceVersion "1"]
[SourceVersionDate "2019.02.26"]
[SourceQuality "1"]

1. e4 c6 2. d4 d5 3. Nd2 dxe4 4. Nxe4 Bf5 5. Ng3 Bg6 6. h4 h6 7. h5 Bh7 8. Nf3 e6 9. Bd3 Bxd3 10. Qxd3 Nf6 11. Bd2 Bd6 12. Ne4 Nxe4 13. Qxe4 Nd7 14. 0-0-0 Nf6 15. Qe2 Qc7 16. Ne5 0-0-0 17. Kb1 Bxe5 18. dxe5 Nd5 19. g4 Qe7 20. Qe4 Qc5 21. f4 Nb6 22. Be3 Qc4 23. Qf3 Nd5 24. Bd2 Nb4 25. Bxb4 Qxb4 26. a3 Qc5 27. Qe4 Rd5 28. c4 Rxd1+ 29. Rxd1 Rd8 30. Rxd8+ Kxd8 31. f5 exf5 32. gxf5 Qg1+ 33. Ka2 Qd1 34. Qh4+ Ke8 35. f6 gxf6 36. exf6 Qe2 37. Qf4 Kd7 38. Qxh6 Qxc4+ 39. Kb1 Qf1+ 40. Kc2 Qf2+ 41. Kc3 Qe1+ 42. Kd4 Qd1+ 43. Ke4 Qg4+ 44. Ke3 1/2-1/2

[Event "Orsha op"]
[Site "Orsha"]
[Date "2019.01.20"]
[Round "4"]
[White "Shaban, Aliaksandra"]
[Black "Gusenkova, Karina"]
[Result "1/2-1/2"]
[WhiteElo "1482"]
[BlackElo "1642"]
[PlyCount "139"]
[EventDate "2019.01.18"]
[EventType "swiss"]
[EventRounds "9"]
[EventCountry "BLR"]
[SourceTitle "CBM 188 Extra"]
[Source "ChessBase"]
[SourceDate "2019.02.26"]
[SourceVersion "1"]
[SourceVersionDate "2019.02.26"]
[SourceQuality "1"]

1. e4 e5 2. Nf3 Nf6 3. d3 Nc6 4. g3 Bc5 5. Bg2 0-0 6. 0-0 d5 7. exd5 Nxd5 8. Re1 f6 9. a3 a5 10. Nfd2 Be6 11. Ne4 Ba7 12. Nbc3 Nxc3 13. Nxc3 Qd7 14. Ne4 Bg4 15. Bf3 Bxf3 16. Qxf3 Nd4 17. Qd1 f5 18. Nd2 f4 19. c3 fxg3 20. hxg3 Nc2 21. Qxc2 Bxf2+ 22. Kg2 Bxe1 23. Ne4 Qf5 24. Qe2 Rad8 25. Bg5 Rd7 26. Rxe1 h6 27. Bc1 Rdf7 28. Be3 Qg6 29. Bc5 Rd8 30. Rf1 Rfd7 31. Rf3 b6 32. Bg1 c5 33. Nf2 Qc6 34. Qxe5 Rf7 35. Qe4 Qxe4 36. Nxe4 Rxf3 37. Kxf3 Rxd3+ 38. Ke2 Rd7 39. Be3 Kf7 40. Nd2 Ke6 41. Nc4 Rb7 42. Bf4 g5 43. Be3 Kd5 44. Kd3 a4 45. Nd2 b5 46. Nf3 Rf7 47. Ke2 Re7 48. Nd2 Re6 49. Kd3 Re8 50. Nf3 Rf8 51. Nd2 Re8 52. g4 Rh8 53. Nf3 Rf8 54. Ke2 Re8 55. Nd2 Rh8 56. Kf3 Rf8+ 57. Ke2 Rh8 58. Nf1 h5 59. gxh5 Rxh5 60. Kf3 Rh3+ 61. Kg4 Rh1 62. Nd2 Ra1 63. Kxg5 Ra2 64. Kf4 Rxb2 65. Ne4 Rh2 66. Nxc5 Rh4+ 67. Kf3 Rh3+ 68. Kf4 Rxe3 69. Kxe3 Kxc5 70. Kd2 1/2-1/2

[Event "Orsha op"]
[Site "Orsha"]
[Date "2019.01.18"]
[Round "1"]
[White "Vifleemskaia, Svetlana"]
[Black "Shaban, Aliaksandra"]
[Result "1-0"]
[WhiteElo "2030"]
[BlackElo "1482"]
[PlyCount "35"]
[EventDate "2019.01.18"]
[EventType "swiss"]
[EventRounds "9"]
[EventCountry "BLR"]
[SourceTitle "CBM 188 Extra"]
[Source "ChessBase"]
[SourceDate "2019.02.26"]
[SourceVersion "1"]
[SourceVersionDate "2019.02.26"]
[SourceQuality "1"]

1. d4 Nf6 2. c4 g6 3. Nc3 d5 4. cxd5 Nxd5 5. e4 Nxc3 6. bxc3 Bg7 7. Nf3 Bg4 8. Rb1 Qc8 9. h3 Bxf3 10. Qxf3 0-0 11. Ba3 Re8 12. Bc4 e6 13. e5 c6 14. h4 b5 15. Bd3 Nd7 16. h5 Bf8 17. hxg6 fxg6 18. Rxh7 1-0

[Event "Wch U12 Girls blitz"]
[Site "Minsk"]
[Date "2018.06.24"]
[Round "2"]
[White "Kastanieda, Alla"]
[Black "Shaban, Aliaksandra"]
[Result "0-1"]
[WhiteElo "1433"]
[BlackElo "1639"]
[PlyCount "140"]
[EventDate "2018.06.24"]
[EventType "swiss (blitz)"]
[EventRounds "9"]
[EventCountry "BLR"]
[SourceTitle "EXT 2019"]
[Source "ChessBase"]
[SourceDate "2018.10.10"]
[SourceVersion "1"]
[SourceVersionDate "2018.10.10"]
[SourceQuality "1"]

1. d4 Nf6 2. Nf3 d5 3. e3 g6 4. Bd3 Bg7 5. 0-0 0-0 6. b3 Nbd7 7. Bb2 c5 8. Nbd2 a6 9. c4 dxc4 10. bxc4 Qb6 11. Rb1 Qc7 12. Qc2 cxd4 13. exd4 Nb6 14. Bc3 Nbd7 15. Rfe1 b6 16. Ne4 Bb7 17. Ned2 e6 18. Bb4 Rfd8 19. Rbc1 a5 20. Ba3 Ba6 21. Qb2 Rac8 22. Rc2 Qa7 23. Rec1 Bh6 24. h3 Re8 25. Re1 Bg7 26. Bd6 Rc6 27. Ba3 Rec8 28. Rb1 Ne8 29. Qc1 Nd6 30. Bxd6 Rxd6 31. Qb2 Nc5 32. Qa3 Bxd4 33. Be2 Bg7 34. Nb3 Rdd8 35. Nxc5 Rxc5 36. Rbc1 Bh6 37. Rb1 Bf8 38. Qb3 Rb8 39. Nd4 Qc7 40. Rbc1 Qe5 41. Nf3 Qc7 42. Nd4 Qd6 43. Rd2 Qc7 44. Rdc2 Bg7 45. Nb5 Qc8 46. a4 Bxb5 47. cxb5 Rxc2 48. Rxc2 Qd7 49. Rc1 Qd4 50. Rd1 Qb2 51. Qg3 Be5 52. Qd3 Qb4 53. Qc2 Qf4 54. g3 Qf5 55. Qxf5 exf5 56. Rd5 Bc3 57. Rd6 Bb4 58. Rc6 Bc5 59. Bf3 Rd8 60. Kg2 Rd4 61. Rc8+ Kg7 62. Re8 Rxa4 63. Re1 Rb4 64. Be2 a4 65. Ra1 Rb2 66. Bd1 a3 67. Ba4 Rd2 68. Bb3 Rb2 69. Ba4 Kf6 70. Kf3 Rxf2# 0-1

[Event "Wch U12 Girls rapid"]
[Site "Minsk"]
[Date "2018.06.23"]
[Round "6"]
[White "Dubovik, Maria"]
[Black "Shaban, Aliaksandra"]
[Result "0-1"]
[WhiteElo "1459"]
[BlackElo "1512"]
[PlyCount "81"]
[EventDate "2018.06.22"]
[EventType "swiss (rapid)"]
[EventRounds "9"]
[EventCountry "BLR"]
[SourceTitle "EXT 2019"]
[Source "ChessBase"]
[SourceDate "2018.10.10"]
[SourceVersion "1"]
[SourceVersionDate "2018.10.10"]
[SourceQuality "1"]

1. e4 Nf6 2. e5 Nd5 3. d4 d6 4. exd6 cxd6 5. c4 Nb6 6. a4 a5 7. b3 g6 8. Bb2 Bg7 9. Nf3 0-0 10. Be2 Bg4 11. 0-0 Nc6 12. h3 Bxf3 13. Bxf3 d5 14. c5 Nc8 15. Na3 b6 16. cxb6 Nxb6 17. Nb5 Rb8 18. Rc1 Qd7 19. Qd2 Nc8 20. Rfd1 N8a7 21. Nxa7 Nxa7 22. Qxa5 Rxb3 23. Ba1 Ra3 24. Qxd5 Qxd5 25. Bxd5 Rxa4 26. Bf3 Rd8 27. d5 Bh6 28. Rc7 Nc8 29. Bc3 Bf4 30. Rb7 Bd6 31. Bg4 f5 32. Bf3 Ra3 33. Bb2 Ra4 34. g4 Rf4 35. Kg2 h6 36. gxf5 gxf5 37. Rg1 Kh7 38. Rc1 Rg8+ 39. Kh1 Rxf3 40. Rc3 Re3 41. fxe3 0-1